<?xml version="1.0" encoding="UTF-8"?>
<collection xmlns="http://www.loc.gov/MARC21/slim">
 <record>
  <leader>00994nam a22002177a 4500</leader>
  <controlfield tag="001">NCT_79810</controlfield>
  <controlfield tag="008">200513b        xxu||||| |||| 00| 0 vie d</controlfield>
  <datafield tag="999" ind1=" " ind2=" ">
   <subfield code="c">3905</subfield>
   <subfield code="d">3905</subfield>
  </datafield>
  <datafield tag="020" ind1=" " ind2=" ">
   <subfield code="a">1740596773</subfield>
   <subfield code="c">$22.99</subfield>
  </datafield>
  <datafield tag="082" ind1="0" ind2="4">
   <subfield code="2">23rd ed.</subfield>
   <subfield code="a">915.9704</subfield>
   <subfield code="b">R263</subfield>
  </datafield>
  <datafield tag="100" ind1="1" ind2=" ">
   <subfield code="a">Ray, Nick</subfield>
  </datafield>
  <datafield tag="245" ind1="1" ind2="0">
   <subfield code="a">Vietnam</subfield>
   <subfield code="c">Nick Ray, Wendy Yanagihara</subfield>
  </datafield>
  <datafield tag="250" ind1=" " ind2=" ">
   <subfield code="a">8th ed.</subfield>
  </datafield>
  <datafield tag="260" ind1=" " ind2=" ">
   <subfield code="a">Australia</subfield>
   <subfield code="b">Lonely planet</subfield>
   <subfield code="c">2005</subfield>
  </datafield>
  <datafield tag="300" ind1=" " ind2=" ">
   <subfield code="a">524 p.</subfield>
   <subfield code="b">ill.</subfield>
   <subfield code="c">20cm</subfield>
  </datafield>
  <datafield tag="520" ind1="3" ind2=" ">
   <subfield code="a">Contents: highlights; getting started; itineraries; the authors; snapshot; history; the culture; Tet festival; environment; food and drink; Hanoi; Northeast Vietnam; Northwest Vietnam; North-central Vietnam; central Vietnam; south-central coast,...</subfield>
  </datafield>
  <datafield tag="653" ind1=" " ind2=" ">
   <subfield code="a">Quản trị DV Du lịch và Lữ hành</subfield>
  </datafield>
  <datafield tag="700" ind1="1" ind2=" ">
   <subfield code="a">Yanagihara, Wendy </subfield>
  </datafield>
  <datafield tag="942" ind1=" " ind2=" ">
   <subfield code="2">ddc</subfield>
   <subfield code="c">BK</subfield>
  </datafield>
  <datafield tag="952" ind1=" " ind2=" ">
   <subfield code="0">0</subfield>
   <subfield code="1">0</subfield>
   <subfield code="2">ddc</subfield>
   <subfield code="4">0</subfield>
   <subfield code="6">915_970400000000000_R263</subfield>
   <subfield code="7">0</subfield>
   <subfield code="9">19553</subfield>
   <subfield code="a">000001</subfield>
   <subfield code="b">000001</subfield>
   <subfield code="d">2020-05-13</subfield>
   <subfield code="o">915.9704 R263</subfield>
   <subfield code="p">MD.17160</subfield>
   <subfield code="r">2020-05-13</subfield>
   <subfield code="w">2020-05-13</subfield>
   <subfield code="y">BK</subfield>
  </datafield>
  <datafield tag="980" ind1=" " ind2=" ">
   <subfield code="a">Thư viện Trường Đại học Nam Cần Thơ</subfield>
  </datafield>
 </record>
</collection>
